000 00443nam a2200181Ia 4500
005 20250423095537.0
008 250422s9999 xx 000 0 und d
020 _a1-56496-935-5
050 _aNK1548.K375
100 _aRick Sutherland
245 0 _aGraphics Designer's Color Handbook
260 _aMassachusetts
260 _bRockport Publishers Inc
260 _c2003
300 _a232 p
650 _aColor in Design
942 _cBK
999 _c30596
_d30596